Problémy merania zdrojov pracovných síl a ich využitia v transformujúcich sa ekonomikách slovensko-poľský seminár

Gespeichert in:
Bibliographische Detailangaben
Körperschaft: Ekonomická univerzita v Bratislave. Fakulta hospodárskej informatiky
Format: Buch
Sprache:Slowakisch
Polnisch
Veröffentlicht: Bratislava Fakulta hospodárskej informatiky EU 1995
Schlagworte:
Tags: Tag hinzufügen
Keine Tags, Fügen Sie das erste Tag hinzu!

MARC

LEADER 00000nam$a2200000$$$4500
001 0018454
005 20240104091743.7
041 0 |a slo 
041 0 |a pol 
044 |a SK 
245 1 0 |a Problémy merania zdrojov pracovných síl a ich využitia v transformujúcich sa ekonomikách  |b slovensko-poľský seminár 
264 1 |a Bratislava  |b Fakulta hospodárskej informatiky EU  |c 1995 
300 |a 62 s. 
610 2 0 |a zdroje síl pracovných 
610 2 0 |a trh práce 
610 2 0 |a Slovensko 
610 2 0 |a Poľsko 
610 2 0 |a nezamestnanosť 
610 2 0 |a zisťovanie štatistické 
710 2 |a Ekonomická univerzita v Bratislave. Fakulta hospodárskej informatiky